Представление документа в формате MARC21

Поле Инд. ПП Название Значение
Тип записи a
Библиографический уровень c
001 Контрольный номер 3d7dcf35a4754030badbb198dcc8c9a1
005 Дата корректировки 20250602153119.5
040 b Код языка каталог. rus
e Правила каталог. PSBO
041 0_ a Код языка текста rus
097 b Оператор *Ир*
245 10 a Заглавие Рабочая программа дисциплины обязательной части Блока 1 «Дисциплины (модули)» «Гидромеханика». Направление подготовки специалистов 15.03.02 Технологические машины и оборудование. Направленность (профиль): Технологические машины и оборудование для разработки торфяных месторождений. Форма обучения – очная
c Ответственность Кафедра "Гидравлика, теплотехника и гидропривод"
c Ответственность разработчик А.Л. Яблонев
b Продолж. заглавия в составе учебно-методического комплекса
260 c Дата издания 2021
a Место издания Тверь
b Издательство ТвГТУ
440 _0 a Серия УМК-РП
500 a Примечание 30/2025э
516 8_ a Прим. о типе комп. файла/ данных Текст : электронный
535 1_ a Хранилище Сервер
773 18 w Контрольный № источника 3892c6191c7f4d59b2ca289c2e5361e9
900 a Имя макрообъекта 001-000186516-000000000-0000-0000-01
901 t Тип документа y
905 b Дата создания записи обработка 15.05.25
922 c Кафедра Гидравлика, теплотехника и гидропривод
951 i EL-ТГТУ? Да